Normal view
MARC view
Entry Topical Term
001 - CONTROL NUMBER
- control field: 18128
003 - CONTROL NUMBER IDENTIFIER
- control field: BD-RjUL
005 - DATE AND TIME OF LATEST TRANSACTION
- control field: 20260413141816.0
008 - FIXED-LENGTH DATA ELEMENTS
- fixed length control field: 260413|| aca||aabn | a|a d
040 ## - CATALOGING SOURCE
- Original cataloging agency: BD-RjUL
- Transcribing agency: BD-RjUL
150 ## - HEADING--TOPICAL TERM
- Topical term or geographic name entry element: Bengali poetry
- General subdivision: Criticism and Comparative Discussion
670 ## - SOURCE DATA FOUND
- Source citation: Work cat.: (BD-RjUL)86360: উদ্দিন, মো. কামাল , নজরুল ও হাফিজের কবিতা :